<?xml version="1.0" encoding="UTF-8"?>
<collection xmlns="http://www.loc.gov/MARC21/slim">
    <record>
        <controlfield tag="001">88955</controlfield>
        <controlfield tag="005">20200514105019.0</controlfield>
        <datafield tag="037" ind1=" " ind2=" ">
            <subfield code="a">TAZ-TFG-2019-693</subfield>
        </datafield>
        <datafield tag="041" ind1=" " ind2=" ">
            <subfield code="a">spa</subfield>
        </datafield>
        <datafield tag="100" ind1="1" ind2=" ">
            <subfield code="a">Lorenzo Hualde, Mirian</subfield>
        </datafield>
        <datafield tag="242" ind1="0" ind2="0">
            <subfield code="a">Programme to train fourth year nursing students from the University of Zaragoza: Strategies to improve the communication with deaf in-patients</subfield>
        </datafield>
        <datafield tag="245" ind1="0" ind2="0">
            <subfield code="a">Programa de formación dirigido a los alumnos de 4º de enfermería de la Universidad de Zaragoza: estrategias para mejorar la comunicación con el paciente sordo hospitalizado.</subfield>
        </datafield>
        <datafield tag="260" ind1=" " ind2=" ">
            <subfield code="a">Zaragoza</subfield>
            <subfield code="b">Universidad de Zaragoza</subfield>
            <subfield code="c">2019</subfield>
        </datafield>
        <datafield tag="500" ind1=" " ind2=" ">
            <subfield code="a">Resumen disponible también en inglés</subfield>
        </datafield>
        <datafield tag="506" ind1=" " ind2=" ">
            <subfield code="a">by-nc-sa</subfield>
            <subfield code="b">Creative Commons</subfield>
            <subfield code="c">3.0</subfield>
            <subfield code="u">http://creativecommons.org/licenses/by-nc-sa/3.0/</subfield>
        </datafield>
        <datafield tag="520" ind1=" " ind2=" ">
            <subfield code="a">Introducción. La mayoría de los seres humanos somos capaces de oír, sin embargo existe un porcentaje de personas que presentan una pérdida o anormalidad en la función de audición. Este hecho dificulta el acceso de las personas sordas al lenguaje oral, dando lugar a la aparición de barreras comunicativas que provocan sentimientos de frustración, impotencia y aislamiento social tanto en las personas sordas como en el resto de la sociedad. Esta situación puede extrapolarse al ambiente hospitalario en el cual estas barreras suponen un obstáculo en la tarea de comprensión por parte del personal de enfermería de las necesidades del paciente.  Objetivos.  Diseñar  un  Programa  de  Formación  que  proporcione  a  los  alumnos de 4º de Enfermería de  la  Universidad de Zaragoza una serie de  estrategias  y  recursos  que  les  ayuden  a  mejorar  la  comunicación  con  las personas sordas en un ambiente hospitalario.   Metodología. Para la realización del Programa de Formación se ha llevado  a cabo una búsqueda bibliográfica en diferentes bases de datos, revistas de  internet  y  páginas  web  relacionadas  con  el  tema  propuesto,  acerca  de  la comunidad sorda y  las diferentes herramientas que pueden ser útiles a  la hora de comunicarse con estos pacientes.   Conclusiones.  El  programa  de  formación  ha  dotado  a  los  alumnos  de  enfermería  de  una  serie  de  estrategias  que  pueden  utilizar  para  alcanzar una  comunicación  efectiva  con  la  comunidad  sorda y  luchar, al  mismo tiempo, contra las barreras comunicativas presentes hoy en día, ayudando a dar voz a este colectivo.   &lt;br /></subfield>
        </datafield>
        <datafield tag="521" ind1=" " ind2=" ">
            <subfield code="a">Graduado en Enfermería</subfield>
        </datafield>
        <datafield tag="540" ind1=" " ind2=" ">
            <subfield code="a">Derechos regulados por licencia Creative Commons</subfield>
        </datafield>
        <datafield tag="653" ind1="1" ind2=" ">
            <subfield code="a">Sordera</subfield>
        </datafield>
        <datafield tag="653" ind1="1" ind2=" ">
            <subfield code="a">Paciente sordo</subfield>
        </datafield>
        <datafield tag="653" ind1="1" ind2=" ">
            <subfield code="a">Atención enfermera</subfield>
        </datafield>
        <datafield tag="653" ind1="1" ind2=" ">
            <subfield code="a">Enfermería</subfield>
        </datafield>
        <datafield tag="653" ind1="1" ind2=" ">
            <subfield code="a">Estrategias de comunicación</subfield>
        </datafield>
        <datafield tag="653" ind1="1" ind2=" ">
            <subfield code="a">Sistemas alternativos o aumentativos de comunicación</subfield>
        </datafield>
        <datafield tag="700" ind1=" " ind2=" ">
            <subfield code="a">Bardina Tremps, Enrique Luis</subfield>
            <subfield code="e">dir.</subfield>
        </datafield>
        <datafield tag="710" ind1="2" ind2=" ">
            <subfield code="a">Universidad de Zaragoza</subfield>
            <subfield code="b">Fisiatría y Enfermería</subfield>
            <subfield code="c">Educación Física y Deportiva</subfield>
        </datafield>
        <datafield tag="856" ind1="0" ind2=" ">
            <subfield code="f">715664@celes.unizar.es</subfield>
        </datafield>
        <datafield tag="856" ind1="4" ind2=" ">
            <subfield code="s">1650199</subfield>
            <subfield code="u">http://zaguan.unizar.es/record/88955/files/TAZ-TFG-2019-693.pdf</subfield>
            <subfield code="y">Memoria (spa)</subfield>
        </datafield>
        <datafield tag="909" ind1="C" ind2="O">
            <subfield code="o">oai:zaguan.unizar.es:88955</subfield>
            <subfield code="p">driver</subfield>
            <subfield code="p">trabajos-fin-grado</subfield>
        </datafield>
        <datafield tag="950" ind1=" " ind2=" ">
            <subfield code="a"></subfield>
        </datafield>
        <datafield tag="951" ind1=" " ind2=" ">
            <subfield code="a">deposita:2020-05-13</subfield>
        </datafield>
        <datafield tag="980" ind1=" " ind2=" ">
            <subfield code="a">TAZ</subfield>
            <subfield code="b">TFG</subfield>
            <subfield code="c">EUCS</subfield>
        </datafield>
        <datafield tag="999" ind1=" " ind2=" ">
            <subfield code="a">20190520195138.CREATION_DATE</subfield>
        </datafield>
    </record>

    
</collection>